| 000 | 00593nam a2200193Ia 4500 | ||
|---|---|---|---|
| 005 | 20250508165812.0 | ||
| 008 | 008 250505s9999 xx 000 0 hin d | ||
| 037 | _aDissertations | ||
| 040 |
_aFEDL _beng _cFEDL |
||
| 041 |
_ahin _2eng |
||
| 084 |
_a305.389 664, OMP/DI _qFEDL |
||
| 100 | _aOm prakash | ||
| 245 | 0 | _aSumlaingikta ko sumlaingikon ke drishtikon se samajhna: Ek adhyayan | |
| 260 | _c2017 | ||
| 300 | _aiv, 242p. | ||
| 546 | _aM. Phil Dissertation (Delhi University); C D Included | ||
| 942 |
_cDIS _h305.389 664, OMP/DI |
||
| 999 |
_c1397536 _d1397536 |
||